| Tag |
First Indicator |
Second Indicator |
Subfields |
| LEADER |
00000cam a22000001 4500 |
| 001 |
in00000712751 |
| 005 |
20151016061517.0 |
| 008 |
711222s1954 nyu 000 1 eng |
| 010 |
|
|
|a 54006670
|
| 029 |
1 |
|
|a NZ1
|b 5442639
|
| 029 |
1 |
|
|a AU@
|b 000021227945
|
| 029 |
1 |
|
|a AU@
|b 000008805026
|
| 035 |
|
|
|a (OCoLC)ocm00186478
|
| 035 |
|
|
|a (OCoLC)00186478
|
| 035 |
|
|
|9 ADD2636AM
|
| 035 |
|
|
|a (OCoLC)186478
|
| 040 |
|
|
|a DLC
|c OUN
|d DLC
|d SER
|d KRS
|d OCL
|d OCLCQ
|d UV$
|d BTCTA
|d OCLCG
|d UtOrBLW
|
| 041 |
1 |
|
|a eng
|h ita
|
| 043 |
|
|
|a e-it---
|
| 049 |
|
|
|a TXAM
|
| 050 |
|
4 |
|a PQ4205.E5
|b S56 1954
|
| 050 |
0 |
0 |
|a PZ1.S639
|b Mo
|
| 082 |
0 |
4 |
|a 808.83
|
| 100 |
1 |
|
|a Slonim, Marc,
|d 1894-1976,
|e editor.
|
| 245 |
1 |
0 |
|a Modern Italian short stories.
|
| 264 |
|
1 |
|a New York :
|b Simon and Schuster,
|c 1954.
|
| 300 |
|
|
|a 429 pages ;
|c 22 cm.
|
| 336 |
|
|
|a text
|b txt
|2 rdacontent
|
| 337 |
|
|
|a unmediated
|b n
|2 rdamedia
|
| 338 |
|
|
|a volume
|b nc
|2 rdacarrier
|
| 505 |
0 |
0 |
|g I.
|t The precursors --
|t La Lupa /
|r Giovanni Verga --
|t The wake /
|r Gabriele d'Annunzio --
|t The bat /
|r Luigi Pirandello --
|t This indolence of mine /
|r Italo Svevo --
|g II.
|t From futurism to fascism --
|t The Sardinian fox /
|r Grazia Deledda --
|t The mistress and the master speak /
|r Alfredo Panzini --
|t Strange stories ;
|t The mask factory ;
|t The cloud maker ;
|t Madmen's congress /
|r Giovanni Papini --
|t Tales of Sicily ;
|t The Siracusan ;
|t The boy /
|r Giuseppe Antonio Borgese --
|t Two sketches ;
|t Aquarium ;
|t Visitors /
|r Emilio Cecchi --
|t An Estruscan harvest /
|r Riccardo Bacchelli --
|g III.
|t Literature under Mussolini --
|t A day in Venice /
|r Bonaventura Tecchi --
|t An indiscreet madrigal /
|r Gianna Manzini --
|t Love letters /
|r Aldo Palazzeschi --
|t Curious tales ;
|t Linaria ;
|t The sleeping beauty /
|r Massimo Bontempelli --
|t Mario and fortune /
|r Giovanni Comisso --
|t The wedding journey /
|r Corrado Alvaro --
|t Return to Fontamara /
|r Ignazio Silone --
|t The unfortunate lover /
|r Alberto Moravia --
|g IV.
|t The new era --
|t The massacre of Vallucciole /
|r Carlo Levi --
|t His Excellency /
|r Indro Montanelli --
|t The petition /
|r Giovanni Guareschi --
|t The flight to France /
|r Francesco Jovine --
|t In a lane of Naples /
|r Giuseppe Marotta --
|t The leather jacket /
|r Cesare Pavese --
|t A mistress of twenty /
|r Vasco Pratolini --
|t The cavaliere /
|r Vitaliano Brancati --
|t Aunt Bess, in memoriam /
|r Giuseppe Berto --
|t Piededefico /
|r Domenico Rea --
|t It's all a question of degree /
|r Carlo Bernari --
|t A poor ghost /
|r G.B. Angioletti --
|t Nora /
|r Mario Soldati --
|t Strange new friends /
|r Dino Buzzati --
|t One afternoon, Adam /
|r Italo Calvino --
|t Uncle Agrippa takes a train /
|r Elio Vittorini.
|
| 530 |
|
|
|a Also issued online.
|
| 650 |
|
0 |
|a Short stories, Italian
|v Translations into English.
|
| 651 |
|
0 |
|a Italy
|x Social life and customs
|v Fiction.
|
| 938 |
|
|
|a Baker and Taylor
|b BTCP
|n 54006670
|
| 949 |
|
|
|a updated
|b h
|c 2009/1/30
|e fpiscitelli
|f 2:38:37 pm
|
| 994 |
|
|
|a C0
|b TXA
|
| 999 |
|
|
|a MARS
|
| 999 |
f |
f |
|s a8f05b67-06d4-3d2b-a2ec-eb6d29bd1a1e
|i 28202dd9-9c38-3208-bb1b-15eb6d1e337a
|t 0
|
| 952 |
f |
f |
|p ric
|a Texas A&M University
|b Rellis Campus
|c Joint Library Facility
|d Remote Storage
|t 0
|e PQ4205.E5 S56 1954
|h Library of Congress classification
|i unmediated -- volume
|m A14804191884
|
| 998 |
f |
f |
|a PQ4205.E5 S56 1954
|t 0
|l Remote Storage
|